[Event "Turkish Club Cup 2019"]
[Site "Konya"]
[Date "2019.07.19"]
[Round "6"]
[White "Kaptan, Emre Akin"]
[Black "Kilic, Eray"]
[Result "1/2-1/2"]
[WhiteElo "1883"]
[BlackElo "1931"]
[Annotator "NA"]
[PlyCount "60"]
[EventDate "2019.07.16"]
[EventType "team-tourn"]
[EventCountry "TUR"]
[SourceTitle "playchess.com"]
[Source "ChessBase"]
[SourceQuality "1"]
[TimeControl "5400+30"]

1. e4 {[%emt 0:00:30]} c6 {[%emt 0:00:30]} 2. d4 {[%emt 0:00:30]} d5 {[%emt 0:00:30]} 3. exd5 {[%emt 0:00:30]} cxd5 {[%emt 0:00:30]} 4. c4 {[%emt 0:00:00]} e6 {[%emt 0:00:30]} 5. Nc3 {[%emt 0:00:00]} Nf6 {[%emt 0:00:00]} 6. Nf3 {[%emt 0:00:00]} Nc6 {[%emt 0:00:00]} 7. c5 {[%emt 0:00:00]} Be7 {[%emt 0:01:30]} 8. Bb5 {[%emt 0:00:00]} O-O {[%emt 0:00:00]} 9. O-O {[%emt 0:00:00]} Qc7 {[%emt 0:03:00]} 10. Bxc6 {[%emt 0:00:30]} bxc6 {[%emt 0:00:00]} 11. b4 {[%emt 0:00:30]} Rb8 {[%emt 0:01:00]} 12. Rb1 {[%emt 0:01:30]} Ba6 {[%emt 0:12:30]} 13. Re1 {[%emt 0:00:00]} Nd7 {[%emt 0:00:30]} 14. g3 {[%emt 0:00:00]} Qc8 {[%emt 0:04:30]} 15. Bf4 {[%emt 0:00:30]} Rb7 {[%emt 0:00:30]} 16. a4 {[%emt 0:00:30]} Bc4 {[%emt 0:01:30]} 17. Qc2 {[%emt 0:03:30]} Bf6 {[%emt 0:06:30]} 18. b5 {[%emt 0:14:30]} cxb5 {[%emt 0:20:30]} 19. Nxb5 {[%emt 0:01:30]} Qc6 {[%emt 0:02:30]} 20. Nd6 {[%emt 0:02:30]} Rxb1 {[%emt 0:03:30]} 21. Rxb1 {[%emt 0:00:00]} Qa6 {[%emt 0:02:30]} 22. Nb5 {[%emt 0:02:00]} Rc8 {[%emt 0:12:30]} 23. Rb4 {[%emt 0:32:30]} Be7 {[%emt 0:09:06]} 24. Bd6 {[%emt 0:15:30]} Bf6 {[%emt 0:04:54]} 25. Nc7 {[%emt 0:07:46]} Qc6 {[%emt 0:03:10]} 26. Qb1 {[%emt 0:04:07]} a5 {[%emt 0:04:22]} 27. Rb7 {[%emt 0:06:19]} Bd3 {[%emt 0:00:39]} 28. Qb3 {[%emt 0:02:34]} Bc4 {[%emt 0:00:07]} 29. Qb1 {[%emt 0:00:08]} Bd3 {[%emt 0:00:48]} 30. Qb3 {[%emt 0:00:36]} Bc4 {[%emt 0:00:04]} 1/2-1/2

[Event "Turkish Club Cup 2019"]
[Site "Konya"]
[Date "2019.07.19"]
[Round "6"]
[White "Atas, Yunus"]
[Black "Guder, Serkan"]
[Result "1/2-1/2"]
[WhiteElo "1876"]
[BlackElo "1872"]
[Annotator "NA"]
[PlyCount "60"]
[EventDate "2019.07.16"]
[EventType "team-tourn"]
[EventCountry "TUR"]
[SourceTitle "playchess.com"]
[Source "ChessBase"]
[SourceQuality "1"]
[TimeControl "5400+30"]

1. e4 {[%emt 0:00:30]} c6 {[%emt 0:01:30]} 2. d4 {[%emt 0:00:30]} d5 {[%emt 0:01:30]} 3. exd5 {[%emt 0:05:30]} cxd5 {[%emt 0:00:30]} 4. c4 {[%emt 0:01:30]} Nf6 {[%emt 0:06:30]} 5. Nc3 {[%emt 0:10:30]} Nc6 {[%emt 0:04:30]} 6. Nf3 {[%emt 0:01:30]} Bg4 {[%emt 0:08:30]} 7. cxd5 {[%emt 0:03:30]} Nxd5 {[%emt 0:04:30]} 8. Qb3 {[%emt 0:05:30]} Bxf3 {[%emt 0:00:30]} 9. gxf3 {[%emt 0:01:30]} e6 {[%emt 0:11:30]} 10. Qxb7 {[%emt 0:04:30]} Nxd4 {[%emt 0:12:30]} 11. Bb5+ {[%emt 0:04:30]} Nxb5 {[%emt 0:00:30]} 12. Qc6+ {[%emt 0:01:30]} Ke7 {[%emt 0:01:30]} 13. Qxb5 {[%emt 0:01:30]} Qd7 {[%emt 0:03:30]} 14. Qxd7+ {[%emt 0:01:30]} Kxd7 {[%emt 0:00:30]} 15. Nxd5 {[%emt 0:00:00]} exd5 {[%emt 0:00:00]} 16. Be3 {[%emt 0:00:00]} Ke6 {[%emt 0:06:00]} 17. O-O-O {[%emt 0:00:30]} Rc8+ {[%emt 0:02:30]} 18. Kb1 {[%emt 0:00:30]} Bc5 {[%emt 0:00:30]} 19. Rhe1 {[%emt 0:02:30]} Kd6 {[%emt 0:08:30]} 20. Bf4+ {[%emt 0:01:30]} Kc6 {[%emt 0:00:30]} 21. Re2 {[%emt 0:00:30]} Rhd8 {[%emt 0:04:38]} 22. Rc1 {[%emt 0:05:30]} Kb7 {[%emt 0:00:41]} 23. Bg5 {[%emt 0:03:30]} f6 {[%emt 0:00:36]} 24. Rec2 {[%emt 0:01:30]} Bd6 {[%emt 0:03:53]} 25. Rxc8 {[%emt 0:00:30]} Rxc8 {[%emt 0:00:32]} 26. Rxc8 {[%emt 0:00:30]} Kxc8 {[%emt 0:00:30]} 27. Be3 {[%emt 0:00:30]} a6 {[%emt 0:00:30]} 28. h3 {[%emt 0:00:00]} Kd7 {[%emt 0:01:36]} 29. Kc2 {[%emt 0:00:00]} g6 {[%emt 0:00:25]} 30. Kd3 {[%emt 0:00:00]} Kc6 {[%emt 0:01:42]} 1/2-1/2

[Event "Turkish Club Cup 2019"]
[Site "Konya"]
[Date "2019.07.19"]
[Round "6"]
[White "Celik, Berkay"]
[Black "Mollaoglu, Ergin"]
[Result "0-1"]
[WhiteElo "1876"]
[BlackElo "2309"]
[Annotator "NA"]
[PlyCount "88"]
[EventDate "2019.07.16"]
[EventType "team-tourn"]
[EventCountry "TUR"]
[SourceTitle "playchess.com"]
[Source "ChessBase"]
[SourceQuality "1"]
[TimeControl "5400+30"]

1. e4 {[%emt 0:00:30]} c5 {[%emt 0:00:30]} 2. Na3 {[%emt 0:00:30]} Nc6 {[%emt 0:01:30]} 3. Bb5 {[%emt 0:00:30]} Nf6 {[%emt 0:01:30]} 4. d3 {[%emt 0:00:30]} g6 {[%emt 0:02:30]} 5. c3 {[%emt 0:00:30]} Bg7 {[%emt 0:00:00]} 6. f4 {[%emt 0:00:30]} O-O {[%emt 0:01:00]} 7. Nf3 {[%emt 0:00:30]} d5 {[%emt 0:01:30]} 8. e5 {[%emt 0:08:30]} Ne8 {[%emt 0:00:30]} 9. O-O {[%emt 0:00:30]} Nc7 {[%emt 0:01:30]} 10. Bxc6 $11 {[%emt 0:01:30]} bxc6 {[%emt 0:00:30]} 11. Nc2 {[%emt 0:00:00]} Rb8 {[%emt 0:00:30]} 12. d4 {[%emt 0:01:00]} cxd4 {[%emt 0:16:30]} 13. Ncxd4 {[%emt 0:02:30]} Bd7 {[%emt 0:00:30]} 14. Qa4 {[%emt 0:08:30]} c5 {[%emt 0:02:30]} 15. Nc6 {[%emt 0:01:30]} Rb6 {[%emt 0:01:30]} 16. Nxe7+ {[%emt 0:04:30]} Qxe7 {[%emt 0:01:30]} 17. Qxa7 {[%emt 0:00:00]} Rc6 {[%emt 0:08:30]} 18. b4 {[%emt 0:03:00]} Nb5 {[%emt 0:02:30]} 19. Qa5 {[%emt 0:00:30]} Rcc8 {[%emt 0:05:30]} 20. Bd2 {[%emt 0:00:30]} Ra8 {[%emt 0:01:30]} 21. Qb6 {[%emt 0:01:30]} Rfb8 {[%emt 0:00:30]} 22. Qxc5 {[%emt 0:00:30]} Qxc5+ {[%emt 0:00:30]} 23. bxc5 {[%emt 0:00:30]} Bf8 {[%emt 0:00:00]} 24. Be3 {[%emt 0:00:30]} Nxc3 {[%emt 0:00:00]} 25. Rf2 {[%emt 0:00:00]} Rc8 {[%emt 0:06:30]} 26. Rc2 {[%emt 0:01:00]} Na4 {[%emt 0:00:00]} 27. Rac1 {[%emt 0:00:00]} Bf5 {[%emt 0:04:00]} 28. Rd2 {[%emt 0:00:00]} Be4 {[%emt 0:02:30]} 29. c6 {[%emt 0:05:30]} Ba3 {[%emt 0:00:00]} 30. Rf1 {[%emt 0:00:30]} Rxc6 {[%emt 0:02:00]} 31. Ng5 {[%emt 0:00:00]} Bc1 {[%emt 0:02:30]} 32. Nxe4 {[%emt 0:01:00]} dxe4 {[%emt 0:00:30]} 33. Re2 {[%emt 0:00:00]} Nc3 {[%emt 0:01:30]} 34. Ree1 {[%emt 0:00:00]} Bxe3+ {[%emt 0:00:30]} 35. Rxe3 {[%emt 0:00:30]} Rxa2 {[%emt 0:00:30]} 36. h4 {[%emt 0:00:30]} Rc4 {[%emt 0:04:30]} 37. Rfe1 {[%emt 0:01:30]} Nd5 {[%emt 0:01:30]} 38. Rxe4 {[%emt 0:00:30]} Rcc2 {[%emt 0:00:00]} 39. Rd4 {[%emt 0:00:30]} Rxg2+ {[%emt 0:01:00]} 40. Kh1 {[%emt 0:00:00]} Ne7 {[%emt 0:00:30]} 41. e6 {[%emt 0:01:00]} fxe6 {[%emt 0:00:30]} 42. Ra4 {[%emt 0:02:30]} Rh2+ {[%emt 0:01:30]} 43. Kg1 {[%emt 0:00:00]} Rag2+ {[%emt 0:00:30]} 44. Kf1 {[%emt 0:00:00]} Nf5 {[%emt 0:00:00]} 0-1

[Event "Turkish Club Cup 2019"]
[Site "Konya"]
[Date "2019.07.19"]
[Round "6"]
[White "Kalayci, Nino"]
[Black "Senturk, Necaattin"]
[Result "1-0"]
[WhiteElo "1855"]
[BlackElo "1704"]
[Annotator "NA"]
[PlyCount "137"]
[EventDate "2019.07.16"]
[EventType "team-tourn"]
[EventCountry "TUR"]
[SourceTitle "playchess.com"]
[Source "ChessBase"]
[SourceQuality "1"]
[TimeControl "5400+30"]

1. b3 {[%emt 0:00:30]} Nf6 {[%emt 0:02:30]} 2. Bb2 {[%emt 0:00:30]} d5 {[%emt 0:11:30]} 3. e3 {[%emt 0:00:30]} g6 {[%emt 0:01:30]} 4. f4 {[%emt 0:02:30]} Bg7 {[%emt 0:02:30]} 5. Nf3 {[%emt 0:01:30]} c6 {[%emt 0:03:30]} 6. Be2 {[%emt 0:01:30]} O-O {[%emt 0:00:30]} 7. O-O {[%emt 0:00:30]} Nbd7 {[%emt 0:05:30]} 8. Kh1 {[%emt 0:14:30]} Ne4 {[%emt 0:02:30]} 9. Bxg7 {[%emt 0:07:30]} Kxg7 {[%emt 0:01:30]} 10. d3 {[%emt 0:00:30]} Nef6 {[%emt 0:00:30]} 11. Qe1 {[%emt 0:19:30]} Qc7 {[%emt 0:06:30]} 12. Nd4 {[%emt 0:05:30]} e5 {[%emt 0:02:30]} 13. fxe5 {[%emt 0:09:30]} Qxe5 {[%emt 0:00:30]} 14. Qg3 {[%emt 0:16:16]} Qxg3 {[%emt 0:01:30]} 15. hxg3 {[%emt 0:00:06]} Re8 {[%emt 0:00:30]} 16. Rf3 {[%emt 0:04:52]} Ne5 {[%emt 0:08:30]} 17. Rf4 {[%emt 0:02:55]} Neg4 {[%emt 0:00:30]} 18. Bxg4 {[%emt 0:02:13]} Nxg4 {[%emt 0:00:00]} 19. Nd2 {[%emt 0:03:45]} Rxe3 {[%emt 0:00:00]} 20. Raf1 {[%emt 0:01:06]} f6 {[%emt 0:01:30]} 21. R4f3 {[%emt 0:01:35]} Re7 {[%emt 0:00:30]} 22. c4 {[%emt 0:01:26]} c5 {[%emt 0:01:30]} 23. Nb5 {[%emt 0:00:54]} Re2 {[%emt 0:00:30]} 24. Nc7 {[%emt 0:00:43]} Rb8 {[%emt 0:00:30]} 25. cxd5 {[%emt 0:01:15]} Rxd2 {[%emt 0:01:30]} 26. Ne8+ {[%emt 0:00:59]} Kh6 {[%emt 0:00:00]} 27. Nxf6 {[%emt 0:00:25]} Nxf6 {[%emt 0:00:00]} 28. Rxf6 {[%emt 0:00:00]} Bf5 {[%emt 0:00:30]} 29. R1xf5 {[%emt 0:00:23]} Rxd3 {[%emt 0:00:30]} 30. Re5 {[%emt 0:00:40]} Rd8 {[%emt 0:00:30]} 31. d6 {[%emt 0:00:10]} R8xd6 {[%emt 0:01:30]} 32. Rf4 {[%emt 0:00:58]} Rd7 {[%emt 0:01:30]} 33. Rxc5 {[%emt 0:00:47]} Rxg3 {[%emt 0:00:30]} 34. Rh4+ {[%emt 0:00:30]} Kg7 {[%emt 0:00:30]} 35. Rhc4 {[%emt 0:00:30]} Rgd3 {[%emt 0:00:00]} 36. Kh2 {[%emt 0:00:07]} Rd2 {[%emt 0:00:00]} 37. a4 {[%emt 0:00:08]} R2d3 {[%emt 0:00:30]} 38. b4 {[%emt 0:00:14]} Kf6 {[%emt 0:00:30]} 39. Rf4+ {[%emt 0:01:21]} Ke6 {[%emt 0:00:30]} 40. Rcc4 {[%emt 0:00:30]} Ke5 {[%emt 0:01:30]} 41. Rfe4+ {[%emt 0:00:29]} Kd5 {[%emt 0:00:30]} 42. Rh4 {[%emt 0:00:26]} Rf7 {[%emt 0:01:30]} 43. Rc5+ {[%emt 0:00:27]} Kd6 {[%emt 0:00:30]} 44. Rc8 {[%emt 0:00:11]} h5 {[%emt 0:00:30]} 45. Rd8+ {[%emt 0:00:17]} Rd7 {[%emt 0:01:30]} 46. Rg8 {[%emt 0:00:03]} Kc7 {[%emt 0:00:30]} 47. Rc4+ {[%emt 0:00:33]} Kd6 {[%emt 0:00:30]} 48. Rxg6+ {[%emt 0:00:04]} Kd5 {[%emt 0:00:30]} 49. Rc5+ {[%emt 0:00:09]} Kd4 {[%emt 0:00:00]} 50. Rxh5 {[%emt 0:00:12]} Kc4 {[%emt 0:00:00]} 51. b5 {[%emt 0:01:48]} Kb4 {[%emt 0:06:30]} 52. Rg4+ {[%emt 0:00:03]} Ka5 {[%emt 0:00:30]} 53. Rhh4 {[%emt 0:01:36]} a6 {[%emt 0:01:30]} 54. bxa6 {[%emt 0:00:24]} Kxa6 {[%emt 0:00:00]} 55. Rg5 {[%emt 0:00:22]} R3d4 {[%emt 0:00:00]} 56. Rh6+ {[%emt 0:00:35]} R7d6 {[%emt 0:01:30]} 57. Rxd6+ {[%emt 0:00:40]} Rxd6 {[%emt 0:00:00]} 58. g4 {[%emt 0:00:34]} Rd4 {[%emt 0:00:00]} 59. a5 {[%emt 0:00:05]} Ra4 {[%emt 0:01:30]} 60. Kg3 {[%emt 0:00:32]} b5 {[%emt 0:03:30]} 61. axb6 {[%emt 0:00:03]} Kxb6 {[%emt 0:00:00]} 62. Rd5 {[%emt 0:00:17]} Kc6 {[%emt 0:00:00]} 63. Rd3 {[%emt 0:00:17]} Ra1 {[%emt 0:00:30]} 64. Kh4 {[%emt 0:00:23]} Rh1+ {[%emt 0:00:30]} 65. Kg5 {[%emt 0:00:35]} Rg1 {[%emt 0:00:00]} 66. Kf5 {[%emt 0:00:01]} Rf1+ {[%emt 0:00:00]} 67. Kg6 {[%emt 0:00:08]} Rg1 {[%emt 0:00:30]} 68. g5 {[%emt 0:00:00]} Rg2 {[%emt 0:00:00]} 69. Kf6 {[%emt 0:00:00]} 1-0

[Event "Turkish Club Cup 2019"]
[Site "Konya"]
[Date "2019.07.19"]
[Round "6"]
[White "Unlu, Alp Bugra"]
[Black "Gurses, Ayberk"]
[Result "0-1"]
[WhiteElo "1832"]
[BlackElo "1770"]
[Annotator "NA"]
[PlyCount "110"]
[EventDate "2019.07.16"]
[EventType "team-tourn"]
[EventCountry "TUR"]
[SourceTitle "playchess.com"]
[Source "ChessBase"]
[SourceQuality "1"]
[TimeControl "5400+30"]

1. e4 {[%emt 0:00:30]} c5 {[%emt 0:00:30]} 2. Nf3 {[%emt 0:00:30]} d6 {[%emt 0:00:30]} 3. d4 {[%emt 0:00:30]} cxd4 {[%emt 0:00:00]} 4. Nxd4 {[%emt 0:00:00]} Nf6 {[%emt 0:00:00]} 5. Nc3 {[%emt 0:00:00]} a6 {[%emt 0:00:00]} 6. Bg5 {[%emt 0:00:00]} Nbd7 {[%emt 0:00:00]} 7. Be2 {[%emt 0:09:00]} e6 {[%emt 0:03:30]} 8. f4 {[%emt 0:01:30]} Qb6 {[%emt 0:01:30]} 9. Qd2 {[%emt 0:02:30]} Qxb2 {[%emt 0:01:30]} 10. Rb1 {[%emt 0:06:30]} Qa3 {[%emt 0:00:00]} 11. O-O {[%emt 0:00:30]} Be7 {[%emt 0:00:00]} 12. Bf3 {[%emt 0:01:30]} Qc5 {[%emt 0:07:30]} 13. Kh1 {[%emt 0:09:30]} Qc7 {[%emt 0:04:30]} 14. Rbe1 {[%emt 0:13:30]} h6 {[%emt 0:15:30]} 15. Bh4 {[%emt 0:08:30]} g5 {[%emt 0:05:30]} 16. fxg5 {[%emt 0:09:30]} hxg5 {[%emt 0:00:30]} 17. Bxg5 {[%emt 0:01:30]} Ne5 {[%emt 0:02:30]} 18. Bd1 {[%emt 0:11:30]} Nfg4 {[%emt 0:06:30]} 19. Bxg4 {[%emt 0:11:36]} Nxg4 {[%emt 0:03:30]} 20. Nf3 {[%emt 0:02:41]} Nxh2 {[%emt 0:07:30]} 21. Nxh2 {[%emt 0:00:35]} Bxg5 {[%emt 0:00:30]} 22. Qxg5 {[%emt 0:01:10]} Qxc3 {[%emt 0:00:30]} 23. Qf4 {[%emt 0:02:40]} Qg7 {[%emt 0:11:30]} 24. Qxd6 {[%emt 0:04:50]} Rg8 {[%emt 0:00:00]} 25. Rf2 {[%emt 0:01:05]} Qg3 {[%emt 0:00:00]} 26. Qxg3 {[%emt 0:00:30]} Rxg3 {[%emt 0:00:30]} 27. Ref1 {[%emt 0:00:34]} Rg7 {[%emt 0:00:30]} 28. Nf3 {[%emt 0:00:08]} Ke7 {[%emt 0:08:30]} 29. Ne5 {[%emt 0:00:21]} f5 {[%emt 0:00:00]} 30. exf5 {[%emt 0:01:10]} exf5 {[%emt 0:00:00]} 31. Re1 {[%emt 0:00:33]} Kf6 {[%emt 0:02:55]} 32. Rd2 {[%emt 0:00:06]} Re7 {[%emt 0:01:04]} 33. Rde2 {[%emt 0:00:59]} Be6 {[%emt 0:01:12]} 34. Nd3 {[%emt 0:00:22]} Rae8 {[%emt 0:00:41]} 35. Nf4 {[%emt 0:00:17]} Bxa2 {[%emt 0:02:25]} 36. Rxe7 {[%emt 0:00:35]} Rxe7 {[%emt 0:00:08]} 37. Rd1 {[%emt 0:00:26]} Rc7 {[%emt 0:01:11]} 38. Rd2 {[%emt 0:00:23]} Bf7 {[%emt 0:01:17]} 39. Rf2 {[%emt 0:00:54]} Rc5 {[%emt 0:03:13]} 40. g4 {[%emt 0:00:31]} a5 {[%emt 0:01:25]} 41. Nd3 {[%emt 0:00:15]} Rb5 {[%emt 0:00:45]} 42. Rf4 {[%emt 0:00:29]} Kg5 {[%emt 0:00:47]} 43. gxf5 {[%emt 0:00:13]} Rxf5 {[%emt 0:00:40]} 44. Rd4 {[%emt 0:00:32]} b5 {[%emt 0:01:19]} 45. Kg2 {[%emt 0:00:39]} a4 {[%emt 0:00:46]} 46. Rd7 {[%emt 0:00:43]} Bd5+ {[%emt 0:01:07]} 47. Kg1 {[%emt 0:00:27]} Be4 {[%emt 0:01:02]} 48. Nb4 {[%emt 0:00:36]} Rc5 {[%emt 0:00:49]} 49. Rd2 {[%emt 0:00:38]} Rc4 {[%emt 0:01:17]} 50. Na2 {[%emt 0:00:27]} Rxc2 {[%emt 0:00:44]} 51. Rxc2 {[%emt 0:00:30]} Bxc2 {[%emt 0:00:30]} 52. Kf2 {[%emt 0:00:07]} Bb3 {[%emt 0:01:01]} 53. Nc1 {[%emt 0:00:14]} Bc4 {[%emt 0:01:13]} 54. Ke3 {[%emt 0:00:40]} a3 {[%emt 0:00:15]} 55. Kd4 {[%emt 0:01:22]} a2 {[%emt 0:00:10]} 0-1

[Event "Turkish Club Cup 2019"]
[Site "Konya"]
[Date "2019.07.19"]
[Round "6"]
[White "Gonullu, Muhammed Sinan"]
[Black "Yildirim, Yasin"]
[Result "1/2-1/2"]
[WhiteElo "1823"]
[BlackElo "1619"]
[Annotator "NA"]
[PlyCount "36"]
[EventDate "2019.07.16"]
[EventType "team-tourn"]
[EventCountry "TUR"]
[SourceTitle "playchess.com"]
[Source "ChessBase"]
[SourceQuality "1"]
[TimeControl "5400+30"]

1. d4 {[%emt 0:02:30]} d6 {[%emt 0:00:30]} 2. Nf3 {[%emt 0:05:30]} Bg4 {[%emt 0:00:30]} 3. c3 {[%emt 0:02:30]} Bxf3 {[%emt 0:01:30]} 4. gxf3 {[%emt 0:00:30]} c6 {[%emt 0:08:30]} 5. Qb3 {[%emt 0:00:30]} Qb6 {[%emt 0:02:30]} 6. Nd2 {[%emt 0:00:30]} g6 {[%emt 0:03:30]} 7. e4 {[%emt 0:01:30]} Bg7 {[%emt 0:01:30]} 8. Nc4 {[%emt 0:00:30]} Qc7 {[%emt 0:02:30]} 9. Be3 {[%emt 0:06:30]} Nf6 {[%emt 0:05:30]} 10. a4 {[%emt 0:06:30]} O-O {[%emt 0:01:30]} 11. Nd2 {[%emt 0:09:30]} Nbd7 {[%emt 0:06:30]} 12. Qc2 {[%emt 0:02:30]} e5 {[%emt 0:03:30]} 13. dxe5 {[%emt 0:00:30]} dxe5 {[%emt 0:01:30]} 14. Rd1 {[%emt 0:01:30]} Rad8 {[%emt 0:05:30]} 15. Rb1 {[%emt 0:00:30]} Ra8 {[%emt 0:00:30]} 16. Rd1 {[%emt 0:00:30]} Rad8 {[%emt 0:00:00]} 17. Rb1 {[%emt 0:00:00]} Ra8 {[%emt 0:00:00]} 18. Rd1 {[%emt 0:00:00]} Rad8 {[%emt 0:00:00]} 1/2-1/2

[Event "Turkish Club Cup 2019"]
[Site "Konya"]
[Date "2019.07.19"]
[Round "6"]
[White "Yorgun, Yaren Naz"]
[Black "Kocyigit, Buse Naz"]
[Result "1/2-1/2"]
[WhiteElo "1819"]
[BlackElo "2045"]
[Annotator "NA"]
[PlyCount "29"]
[EventDate "2019.07.16"]
[EventType "team-tourn"]
[EventCountry "TUR"]
[SourceTitle "playchess.com"]
[Source "ChessBase"]
[SourceQuality "1"]
[TimeControl "5400+30"]

1. e4 {[%emt 0:00:30]} c6 {[%emt 0:00:30]} 2. d4 {[%emt 0:00:30]} d5 {[%emt 0:00:00]} 3. exd5 {[%emt 0:00:30]} cxd5 {[%emt 0:00:00]} 4. Nf3 {[%emt 0:00:30]} Nf6 {[%emt 0:00:30]} 5. c3 {[%emt 0:04:30]} Nc6 {[%emt 0:04:30]} 6. Bf4 {[%emt 0:02:30]} Bg4 {[%emt 0:01:30]} 7. Be2 {[%emt 0:01:30]} e6 {[%emt 0:01:30]} 8. O-O $11 {[%emt 0:02:30]} Bd6 {[%emt 0:02:30]} 9. Bg5 {[%emt 0:02:30]} O-O {[%emt 0:03:30]} 10. Nbd2 {[%emt 0:03:30]} Rb8 {[%emt 0:03:30]} 11. Nb3 {[%emt 0:03:30]} Be7 {[%emt 0:22:30]} 12. Bf4 {[%emt 0:01:30]} Bd6 {[%emt 0:00:00]} 13. Bg5 {[%emt 0:00:30]} Be7 {[%emt 0:00:00]} 14. Bf4 {[%emt 0:00:00]} Bd6 {[%emt 0:00:30]} 15. Bg5 {[%emt 0:00:00]} 1/2-1/2

[Event "Turkish Club Cup 2019"]
[Site "Konya"]
[Date "2019.07.19"]
[Round "6"]
[White "Temel, Burcu Melis"]
[Black "Gundogan, Sinem Cagla"]
[Result "1/2-1/2"]
[WhiteElo "1790"]
[BlackElo "1806"]
[Annotator "NA"]
[PlyCount "60"]
[EventDate "2019.07.16"]
[EventType "team-tourn"]
[EventCountry "TUR"]
[SourceTitle "playchess.com"]
[Source "ChessBase"]
[SourceQuality "1"]
[TimeControl "5400+30"]

1. d4 {[%emt 0:00:30]} d5 {[%emt 0:00:30]} 2. c4 {[%emt 0:00:30]} c6 {[%emt 0:00:00]} 3. cxd5 {[%emt 0:00:00]} cxd5 {[%emt 0:00:00]} 4. Nc3 {[%emt 0:01:00]} Nf6 {[%emt 0:01:30]} 5. Bf4 {[%emt 0:06:30]} e6 {[%emt 0:03:30]} 6. e3 {[%emt 0:05:30]} a6 {[%emt 0:03:30]} 7. Bd3 {[%emt 0:05:30]} Bd6 {[%emt 0:02:30]} 8. Bxd6 {[%emt 0:05:30]} Qxd6 {[%emt 0:00:30]} 9. Nf3 {[%emt 0:00:00]} Nbd7 {[%emt 0:01:30]} 10. O-O {[%emt 0:04:00]} O-O {[%emt 0:08:30]} 11. Rc1 {[%emt 0:00:00]} Rb8 {[%emt 0:11:30]} 12. Na4 {[%emt 0:07:00]} e5 {[%emt 0:02:30]} 13. dxe5 {[%emt 0:02:30]} Nxe5 {[%emt 0:00:30]} 14. Nxe5 {[%emt 0:00:30]} Qxe5 {[%emt 0:00:00]} 15. Bb1 {[%emt 0:01:30]} Be6 {[%emt 0:05:00]} 16. Qd4 {[%emt 0:00:30]} Qxd4 {[%emt 0:01:30]} 17. exd4 {[%emt 0:00:30]} Nd7 {[%emt 0:00:00]} 18. Nc5 {[%emt 0:00:30]} Nxc5 {[%emt 0:00:00]} 19. Rxc5 {[%emt 0:00:30]} Rbc8 {[%emt 0:01:30]} 20. Rfc1 {[%emt 0:00:30]} Rxc5 {[%emt 0:00:30]} 21. Rxc5 {[%emt 0:00:00]} Rc8 {[%emt 0:00:00]} 22. Rxc8+ {[%emt 0:00:00]} Bxc8 {[%emt 0:00:00]} 23. a3 {[%emt 0:00:30]} Kf8 {[%emt 0:00:00]} 24. Kf1 {[%emt 0:00:30]} h6 {[%emt 0:00:00]} 25. Ke2 {[%emt 0:00:00]} Ke7 {[%emt 0:00:30]} 26. Ke3 {[%emt 0:00:00]} Kd6 {[%emt 0:00:30]} 27. g3 {[%emt 0:00:30]} g6 {[%emt 0:00:30]} 28. Bd3 {[%emt 0:00:30]} Bd7 {[%emt 0:00:30]} 29. h4 {[%emt 0:00:30]} Ke7 {[%emt 0:02:30]} 30. Kf4 {[%emt 0:00:30]} Kf6 {[%emt 0:00:30]} 1/2-1/2

[Event "Turkish Club Cup 2019"]
[Site "Konya"]
[Date "2019.07.19"]
[Round "6"]
[White "Durak, Ahmet"]
[Black "Can, Isik"]
[Result "1/2-1/2"]
[WhiteElo "1786"]
[BlackElo "2374"]
[Annotator "NA"]
[PlyCount "110"]
[EventDate "2019.07.16"]
[EventType "team-tourn"]
[EventCountry "TUR"]
[SourceTitle "playchess.com"]
[Source "ChessBase"]
[SourceQuality "1"]
[TimeControl "5400+30"]

1. Nf3 {[%emt 0:00:30]} Nf6 {[%emt 0:00:30]} 2. g3 {[%emt 0:00:30]} e6 {[%emt 0:00:30]} 3. Bg2 {[%emt 0:00:30]} d5 {[%emt 0:00:30]} 4. O-O {[%emt 0:00:00]} Be7 {[%emt 0:00:00]} 5. c4 {[%emt 0:00:00]} c5 {[%emt 0:00:00]} 6. cxd5 {[%emt 0:00:30]} exd5 {[%emt 0:04:30]} 7. d4 {[%emt 0:00:00]} Nc6 {[%emt 0:02:30]} 8. Nc3 {[%emt 0:00:00]} O-O {[%emt 0:00:30]} 9. Bg5 {[%emt 0:02:30]} cxd4 $14 {[%emt 0:10:30]} 10. Nxd4 {[%emt 0:00:30]} h6 {[%emt 0:00:30]} 11. Bf4 {[%emt 0:01:30]} a6 {[%emt 0:03:30]} 12. Rc1 {[%emt 0:00:30]} Be6 {[%emt 0:08:30]} 13. Nxe6 {[%emt 0:06:30]} fxe6 {[%emt 0:00:30]} 14. Qb3 {[%emt 0:03:30]} Na5 {[%emt 0:08:30]} 15. Qa4 {[%emt 0:10:30]} b5 {[%emt 0:02:30]} 16. Qd1 {[%emt 0:01:30]} Rc8 {[%emt 0:06:30]} 17. Qd3 {[%emt 0:08:30]} Bd6 {[%emt 0:03:30]} 18. Bh3 {[%emt 0:01:30]} Qe7 {[%emt 0:05:30]} 19. Bxd6 {[%emt 0:17:30]} Qxd6 {[%emt 0:00:00]} 20. e4 {[%emt 0:00:30]} Rcd8 {[%emt 0:10:00]} 21. e5 {[%emt 0:04:30]} Qxe5 {[%emt 0:01:30]} 22. Rfe1 {[%emt 0:00:30]} Qh5 {[%emt 0:01:30]} 23. Bxe6+ {[%emt 0:00:30]} Kh8 {[%emt 0:00:00]} 24. f4 {[%emt 0:01:30]} d4 {[%emt 0:10:39]} 25. Nd1 {[%emt 0:02:30]} Ng4 {[%emt 0:07:24]} 26. Bxg4 {[%emt 0:13:30]} Qxg4 {[%emt 0:00:02]} 27. Nf2 {[%emt 0:00:00]} Qf5 {[%emt 0:01:39]} 28. Rc7 {[%emt 0:04:00]} Qxd3 {[%emt 0:02:34]} 29. Nxd3 {[%emt 0:00:30]} Rc8 {[%emt 0:00:53]} 30. Rd7 {[%emt 0:04:22]} Rfd8 {[%emt 0:00:30]} 31. Ree7 {[%emt 0:00:18]} Rxd7 {[%emt 0:00:49]} 32. Rxd7 {[%emt 0:00:02]} Rc2 {[%emt 0:02:03]} 33. Rxd4 {[%emt 0:02:01]} Nc4 {[%emt 0:00:22]} 34. Rd8+ {[%emt 0:07:30]} Kh7 {[%emt 0:00:30]} 35. b3 {[%emt 0:00:00]} Ne3 {[%emt 0:04:06]} 36. Re8 {[%emt 0:04:27]} Nd5 {[%emt 0:01:03]} 37. Re5 {[%emt 0:00:56]} Nc3 {[%emt 0:00:38]} 38. Nb4 {[%emt 0:00:26]} Rb2 {[%emt 0:00:42]} 39. Nxa6 {[%emt 0:02:26]} Rxa2 {[%emt 0:00:01]} 40. Nc7 {[%emt 0:00:14]} Rb2 {[%emt 0:00:47]} 41. Nxb5 {[%emt 0:00:36]} Rxb3 {[%emt 0:00:19]} 42. Nxc3 {[%emt 0:00:14]} Rxc3 {[%emt 0:00:30]} 43. Kg2 {[%emt 0:00:10]} Rc2+ {[%emt 0:00:59]} 44. Kh3 {[%emt 0:00:11]} Kg6 {[%emt 0:00:37]} 45. g4 {[%emt 0:01:38]} Rc3+ {[%emt 0:01:16]} 46. Kh4 {[%emt 0:00:14]} Kf6 {[%emt 0:00:11]} 47. Rf5+ {[%emt 0:00:40]} Kg6 {[%emt 0:00:47]} 48. Rf8 {[%emt 0:00:00]} Kh7 {[%emt 0:01:34]} 49. f5 {[%emt 0:00:23]} g5+ {[%emt 0:00:08]} 50. fxg6+ {[%emt 0:00:30]} Kxg6 {[%emt 0:00:30]} 51. Ra8 {[%emt 0:00:30]} Rc5 {[%emt 0:00:00]} 52. Ra6+ {[%emt 0:00:05]} Kg7 {[%emt 0:00:00]} 53. Re6 {[%emt 0:00:56]} Ra5 {[%emt 0:00:16]} 54. Re3 {[%emt 0:01:02]} Kg6 {[%emt 0:00:52]} 55. Kg3 {[%emt 0:00:01]} h5 {[%emt 0:00:11]} 1/2-1/2